Dávid Copperfield časť prvá Život a skúsenosti Dávida Copperfielda mladšieho /
Guardado en:
| Autor principal: | |
|---|---|
| Otros Autores: | |
| Formato: | Libro |
| Lenguaje: | eslovaco |
| Publicado: |
Turčiansky Svätý Martin
Živena, vydavateľské družstvo
1947
|
| Etiquetas: |
Sin Etiquetas, Sea el primero en etiquetar este registro!
|
MARC
| LEADER | 00000nam a22000003a 4500 | ||
|---|---|---|---|
| 001 | 0102093 | ||
| 003 | SK-STU | ||
| 005 | 20230523101033.9 | ||
| 007 | ta | ||
| 008 | 230523s ----xo-----e------000-0-----d | ||
| 040 | |a STU |b slo | ||
| 041 | 0 | |a slo | |
| 044 | |a xo | ||
| 100 | 1 | |a DICKENS, Charles |4 aut | |
| 245 | 1 | 0 | |a Dávid Copperfield |n časť prvá |p Život a skúsenosti Dávida Copperfielda mladšieho / |c aut. Charles DICKENS ; prekl. Margita SINGHOFEROVÁ |
| 260 | |a Turčiansky Svätý Martin |b Živena, vydavateľské družstvo |c 1947 | ||
| 300 | |a 399 s. | ||
| 700 | 1 | |a SINGHOFEROVÁ, Margita |4 trl | |
| 996 | |c I* 4SOA13907 |d časť prváŽivot a skúsenosti Dávida Copperfielda mladšieho / |l I |s A |a 24 |w 0102093_0001 | ||